It looks like you're offline.
Open Library logo
additional options menu

MARC record from Internet Archive

LEADER: 00659cam 2200217b 4500
008 660701s1878 enk a eng x
035 $a(Sirsi) AAJ-7473
040 $aOTU$bENG
050 4 $aML3805$bS76
090 8 $aML 3805 .S76$bMUSI$c1
090 8 $aML 3805 .S761$bMUSI$c1
100 10 $aStone, W. H.
245 04 $aThe scientific basis of music.
260 0 $aLondon,$bNovello$c[pref. 1878]
300 $a71 p.$bill.
490 00 $aNovello's primers and educational series
650 0 $aMusic$xAcoustics and physics
948 $a07/14/1992$b09/20/1998
596 $a22
926 $aMUSIC$bSTACKS$cML3805 .S76$dBOOK$f1
926 $aMUSIC$bOFFSITE$cML3805 .S761$dBOOK$f1